| 000 | 00470cam a2200181ua 4500 | ||
|---|---|---|---|
| 001 | 11489 | ||
| 008 | 190924n ii |||gr||||Z||||||eng | ||
| 040 | _cMAIN | ||
| 041 | _aeng | ||
| 082 | _a371.4 | ||
| 100 |
_aRam Nath Sharma, _eAuthor. |
||
| 245 |
_aGuidance and counselling _cBy Ram Nath Sharma |
||
| 250 | _a9th rep. | ||
| 260 |
_aDelhi: _bSurjeet publications, _c2018. |
||
| 300 | _a441p. | ||
| 653 | _aSchools & their activities special education | ||
| 942 | _cBK | ||
| 999 |
_c10319 _d10319 |
||